000 00589cam a22001934a 4500
020 _a1400820979
020 _a9781400820979
040 _cMdBmJHUP
082 0 0 _a952 PRI 1993 A104 Or.
100 1 _aOhnuki-Tierney, Emiko.
245 1 0 _aRice as self
_bJapanese identities through time /
260 _aPrinceton, N.J. :
_bPrinceton University Press,
_cc1993.
300 _a1 online resource (xi, 184 p. :) :
_bill. ;
650 0 _aNational characteristics, Japanese.
650 0 _aRice
710 2 _aProject Muse.
856 4 0 _uhttps://muse.jhu.edu/books/9781400820979/
942 _cEK
999 _c14965
_d14965